Introduction to behavioral research methods / (Record no. 284517)
[ view plain ]
| 000 -LEADER | |
|---|---|
| fixed length control field | 01209nam a2200229 a 4500 |
| 001 - CONTROL NUMBER | |
| control field | SSB015700 |
| 003 - CONTROL NUMBER IDENTIFIER | |
| control field | PILC |
| 005 - DATE AND TIME OF LATEST TRANSACTION | |
| control field | 20150529160104.0 |
| 008 - FIXED-LENGTH DATA ELEMENTS--GENERAL INFORMATION | |
| fixed length control field | |
| 020 ## - INTERNATIONAL STANDARD BOOK NUMBER | |
| International Standard Book Number | 9780205197217 |
| 020 ## - INTERNATIONAL STANDARD BOOK NUMBER | |
| International Standard Book Number | 0205197213 |
| 050 ## - LIBRARY OF CONGRESS CALL NUMBER | |
| Classification number | BF 76.5 |
| Item number | .L438 2012 |
| 100 ## - MAIN ENTRY--PERSONAL NAME | |
| Personal name | Leary, Mark R. |
| 245 #0 - TITLE STATEMENT | |
| Title | Introduction to behavioral research methods / |
| Statement of responsibility, etc | Mark R. Leary. |
| 250 ## - EDITION STATEMENT | |
| Edition statement | 6th ed. |
| 260 ## - PUBLICATION, DISTRIBUTION, ETC. (IMPRINT) | |
| Place of publication, distribution, etc | Boston : |
| Date of publication, distribution, etc | 2012. |
| Name of publisher, distributor, etc | Pearson, |
| 300 ## - PHYSICAL DESCRIPTION | |
| Extent | xvii, 427 pages : |
| Other physical details | illustrations ; |
| Dimensions | 26 cm. |
| 500 ## - GENERAL NOTE | |
| General note | Includes bibliographical references and index. |
| 505 ## - FORMATTED CONTENTS NOTE | |
| Title | Research in the Behavioral Sciences -- |
| -- | Behavioral Variability and Research -- |
| -- | The Measurement of Behavior -- |
| -- | Approaches to Psychological Measurement -- |
| -- | Selecting Research Participants -- |
| -- | Descriptive Research -- |
| -- | Correlational Research -- |
| -- | Advanced Correlational Strategies -- |
| -- | Basic Issues in Experimental Research -- |
| -- | Experimental Design -- |
| -- | Analyzing Experimental Data -- |
| -- | Analyzing Complex Experimental Designs -- |
| -- | Quasi-Experimental Designs -- |
| -- | Single-Case Research -- |
| -- | Ethical Issues in Behavioral Research -- |
| -- | Scientific Writing. |
| 650 ## - SUBJECT ADDED ENTRY--TOPICAL TERM | |
| Topical term or geographic name as entry element | Psychology |
| General subdivision | Research |
| -- | Methodology. |
| 942 ## - ADDED ENTRY ELEMENTS (KOHA) | |
| Source of classification or shelving scheme | Library of Congress Classification |
| Koha item type | Books |
| Call number prefix | Foreign |
| Withdrawn status | Lost status | Source of classification or shelving scheme | Damaged status | Home library | Current library | Shelving location | Date acquired | Source of acquisition | Sub Shelving location | Total Checkouts | Total Renewals | Full call number | Barcode | Date last seen | Date checked out | Price effective from | Koha item type |
|---|---|---|---|---|---|---|---|---|---|---|---|---|---|---|---|---|---|
| Library of Congress Classification | College Library | College Library | Reserve Section | 05/29/2015 | Library Fund | 1 | 1 | BF 76.5 .L438 2012 | C19438 | 05/15/2018 | 03/16/2017 | 05/29/2015 | Books |